| 000 | 004590000a22001810004500 | ||
|---|---|---|---|
| 003 | MACL | ||
| 005 | 20151229124625.0 | ||
| 008 | 151229b xxu||||| |||| 00| 0 eng d | ||
| 040 |
_aMACL _cMACL |
||
| 041 | _aEnglish | ||
| 082 | _a934/GOK | ||
| 100 |
_aGokhale, B G _9351 |
||
| 245 |
_aAncient India _bHistory and Culture |
||
| 260 |
_bAsia Publishing House _c1962 _aNew York |
||
| 350 | _a10 | ||
| 650 |
_aAncient History _916402 |
||
| 942 |
_cBK _k934/GOK _2ddc |
||
| 999 |
_c36215 _d36215 |
||